Тил Уленшпигел (Запис номер 169344)
[ съкратено ]
| 000 -Лидер | |
|---|---|
| Контролно поле с фиксирана дължина | 01942nam a2200373 a 4500 |
| 003 - Код на организацията, давaща контролен номер | |
| Контролно поле | BLK |
| 005 - Дата и час на последна редакция | |
| Контролно поле | 20240911005419.0 |
| 008 - Елементи от данни с фиксирана дължина | |
| fixed length control field | 180411b bul|||||r ||||||| ||bul|| |
| 010 ## - Наследен системен номер | |
| LC control number | KNG00177347000 |
| 040 ## - Източник на каталожния запис | |
| Идентификатор на билиотеката - собственик на записа | BLK |
| 041 ## - Код за език | |
| Код за езика на текст/звукозапис или на отделно заглавие | Български |
| Код за езика КДБФ | Български |
| 080 ## - УДК | |
| Текстов определител УДК | Белгийска литература |
| УДК код - определител по УДК | 821.133.1(493) |
| УДК определител | -31 |
| УДК - код + определител | 821.133.1(493)-31 |
| 080 ## - УДК | |
| Текстов определител УДК | Белгийска литература |
| УДК код - определител по УДК | 821.133.1(493) |
| УДК определител | -93-31 |
| УДК - код + определител | 821.133.1(493)-93-31 |
| 100 1# - Редна дума - Автор | |
| Автор | Костер, Шарл дьо |
| Авторска отговорност | първи автор |
| R(LIN) | 267725 |
| 139 ## - Редно поле | |
| Редна дума | Костер, Шарл дьо |
| Авторски знак | Кос - К 86 |
| 245 10 - Сведения за заглавието | |
| Заглавие | Тил Уленшпигел |
| Подзаглавни данни | Роман |
| Редно поле (дума) | Шарл дьо Костер; прев. от фр. Константин Константинов; предг. от Светослав Колев; худож. Евгений Адолфович Кибрик. |
| 250 ## - Област на изданието | |
| Сведения за изданието | 3. изд. |
| 257 ## - Страна на издаване | |
| Страна на създаване/издаване | Белгия |
| 260 ## - Област на издателските данни | |
| Място на издаване, разпространение и проч. | София |
| Име на издателя, разпространителя и проч. | Отечество |
| Година на издаване | 1980 |
| 300 ## - Физическа характеристика | |
| Страници | 487 с. |
| Илюстрации и др. | с ил., портр. |
| Размери/Мащаб | 22 см |
| 380 ## - Жанр | |
| Жанр | Худож. лит. |
| 490 ## - СЕРИИ (Колекции) | |
| Име на серия | Световна класика за деца и юноши |
| 9 (RLIN) | 202177 |
| 500 ## - Общи забележки | |
| Забележка | Ориг. загл. La legende d'Ulenspiegel / Charles de Coster. - 1. изд. 1955 със загл. Легенда за героичните весели и славни приключения на Уленшпигел и на Ламме Гудзак във Фландрия и другаде. - 100 115 тир. |
| 700 ## - Други автори (авторска отговорност) | |
| Лично име | Константинов, Константин Илиев |
| 9 (RLIN) | 364283 |
| 700 1# - Други автори (авторска отговорност) | |
| Лично име | Колев, Светослав |
| Автороска отговорност (Описва отношението между автора и произведението) | предг. от |
| 9 (RLIN) | 367902 |
| 700 1# - Други автори (авторска отговорност) | |
| Лично име | Кибрик, Евгений Адольфович |
| Автороска отговорност (Описва отношението между автора и произведението) | худож. |
| 9 (RLIN) | 382579 |
| 852 ## - Местоположение | |
| Форматна сигнатура | Цб 102237 |
| 856 4# - Електронен адрес и достъп | |
| Електронен формат | pdf - файл |
| Инструкция (цена за достъп) | 0.00 |
| Права за достъп | disable |
| 856 4# - Електронен адрес и достъп | |
| Електронен формат | pdf - файл |
| Инструкция (цена за достъп) | 0.00 |
| Права за достъп | disable |
| 999 ## - СИСТЕМНИ КОНТРОЛНИ НОМЕРА | |
| Koha biblionumber | 169344 |
| Koha biblioitemnumber | 169344 |
| 942 ## - АРТИКУЛИ | |
| Вид на библиотечния материал | Книги |
| Скрит в OPAC | Не |
| Периодичен библиозапис | Да |
| 944 ## - СЪЗДАВАНЕ И РЕДАКЦИЯ на ЗАПИСА | |
| Създаване/Редакция | Създаване |
| Дата на регистрацията/редакция | 15.01.2003 |
| Статус, дата на статуса | CRON CRON |
| Служител, извършил регистрацията/редакцията | |
| 944 ## - СЪЗДАВАНЕ И РЕДАКЦИЯ на ЗАПИСА | |
| Създаване/Редакция | Редакция |
| Дата на регистрацията/редакция | 26.10.2017 |
| Статус, дата на статуса | ф / |
| Служител, извършил регистрацията/редакцията | Виолета_Тройчева |
| 999 ## - СИСТЕМНИ КОНТРОЛНИ НОМЕРА | |
| Koha biblioitemnumber | 169344 |
| Код за отписване | Код за изгубен артикул | Източник на класификационната схема | Код за повреда | Коз за рестрикции | Код за отдаване | Артикулен № | Име на библиотеката - собственик | Име на библиотеката, в която се намира в момента | Статус (Текущо местоположение) | Дата на вписване в системата | Местоположение - отдел | Цена в лева | Инвентарен номер | Систематично азбучна сигнатура | Баркод | Номер на екземпляра | Цена в евро | Служебна бележка | Служебен тип на артикула | Бележка за публиката |
|---|---|---|---|---|---|---|---|---|---|---|---|---|---|---|---|---|---|---|---|---|
| Не е изгубен | Universal Decimal Classification | Не е повреден | само за читалня | ползва се в читалня | 286346 | Регионална библиотека "Любен Каравелов" Русе | Регионална библиотека "Любен Каравелов" Русе | Хранилище | 1980-01-01 | Хранилище | 3.65 | 299643 | Цб 102237 | 120000299643 | 1 | 1.87 | Дост: Dp Вид: Д N: стар фонд Дата: 01.01.1980 | Книги | ||
| Изтеглен | Не е изгубен | Не е повреден | без рестрикции | заемане за дома | 286347 | Регионална библиотека "Любен Каравелов" Русе | Регионална библиотека "Любен Каравелов" Русе | Детски отдел | 1980-01-01 | Детски отдел | 3.65 | 298908 | ДХ 820/899/К 86 | 298908 | 2 | 1.87 | Дост: Pk Вид: Ф N: стар фонд Дата: 01.01.1980 Дата инв: 11.09.2015 Бележки инв: Д2015 | Книги | ||
| Изтеглен | Не е изгубен | Не е повреден | без рестрикции | заемане за дома | 286348 | Регионална библиотека "Любен Каравелов" Русе | Регионална библиотека "Любен Каравелов" Русе | 1980-01-01 | Детски отдел | 3.65 | 298914 | ДХ 820/899/К 86 | 298914 | 3 | 1.87 | Дост: Pk Вид: Ф N: стар фонд Дата: 01.01.1980 Дата инв: 11.09.2015 Бележки инв: Д2015 | Книги | Отч.N: 35/2017 , Дата: 05.09.2017 | ||
| Изтеглен | Не е изгубен | Не е повреден | без рестрикции | заемане за дома | 286349 | Регионална библиотека "Любен Каравелов" Русе | Регионална библиотека "Любен Каравелов" Русе | 1980-01-01 | Детски отдел | 3.65 | 298916 | ДХ 820/899/К 86 | 298916 | 4 | 1.87 | Дост: Pk Вид: Ф N: стар фонд Дата: 01.01.1980 Дата инв: 11.09.2015 Бележки инв: Д2015 | Книги | Отч.N: 43/17 , Дата: 08.09.2017 | ||
| Изтеглен | Не е изгубен | Universal Decimal Classification | Не е повреден | без рестрикции | заемане за дома | 286350 | Регионална библиотека "Любен Каравелов" Русе | Регионална библиотека "Любен Каравелов" Русе | Заемна - подръчен фонд | 1980-01-01 | Заемна - подръчен фонд | 3.65 | 298996 | П 840-31/К 86 | 298996 | 5 | 1.87 | Дост: Pk Вид: Ф N: стар фонд Дата: 01.01.1980 | Книги | |
| Изтеглен | Не е изгубен | Не е повреден | без рестрикции | заемане за дома | 286351 | Регионална библиотека "Любен Каравелов" Русе | Регионална библиотека "Любен Каравелов" Русе | Детски отдел | 2017-06-06 | Детски отдел | 12.00 | 120000812095 | ДХ 820/899/К 86 | 120000812095 | 6 | 6.14 | Дост: DA Вид: А N: 24 Дата: 06.06.2017 | Книги | ||
| Изтеглен | Не е изгубен | Не е повреден | без рестрикции | заемане за дома | 286352 | Регионална библиотека "Любен Каравелов" Русе | Регионална библиотека "Любен Каравелов" Русе | Детски отдел | 2017-06-23 | Детски отдел | 12.00 | 120000812788 | ДХ 820/899/К 86 | 120000812788 | 7 | 6.14 | Дост: DA Вид: А N: 26 Дата: 23.06.2017 | Книги |